| 000 | 00544nam a2200145Ia 4500 | ||
|---|---|---|---|
| 008 | 151213s9999 xx 000 0 und d | ||
| 100 | _aআব্দুল গনি হাজারী । | ||
| 245 |
_aসূর্যের সিড়িঁ। _cআব্দুল গনি হাজারী । |
||
| 260 |
_aঢাকা। _bস্বপ্রকাশ গ্রন্থ। _c1965 |
||
| 300 | _a9288 p. | ||
| 650 | _aBangla | ||
| 650 | _aকবিতা | ||
| 700 | _aআব্দুল গনি হাজারী । | ||
| 999 |
_c4754 _d4754 |
||